| 000 | 00761nas a2200241 4500 | ||
|---|---|---|---|
| 001 | BR9209433 | ||
| 003 | BR-BrBNA | ||
| 005 | 20231205093255.0 | ||
| 007 | ta | ||
| 008 | 230509b bl.|||p| |||| 00| 00por d | ||
| 040 |
_aBR-BrBNA _bpor _cBiblioteca Nacional de Agricultura |
||
| 041 | _a(Pt) | ||
| 072 | _aF02 | ||
| 100 | 1 | _aCarvalho, C.G. de S. e | |
| 100 | 1 | _aMonnerat, P.H. | |
| 245 | 1 | _aEfeito de diferentes fotoperiodos na bulbificacao de dois cultivares de alho (Allium sativum L.) | |
| 650 | _aALHO | ||
| 650 | _aBULBO | ||
| 650 | _aREPRODUCAO VEGETAL | ||
| 773 | 0 |
_tAnais da Escola de Agronomia e Veterinaria (Brazil) _xISSN 0100-218X _g(1976), v. 6(1) p. 104-116 _wBR9209433 |
|
| 909 |
_a202311 _bLúcia _c55 _dLúcia Elande |
||
| 942 |
_2AGRIS _n0 _cANA |
||
| 999 |
_c137225 _d137225 |
||